Návrh opatrení na zdokonalenie systému motivácie a práce so sociálnym programom zamestnancov v ESE, s.r.o.

Enregistré dans:
Détails bibliographiques
Auteur principal: Gališová, Gabriela (Auteur)
Autres auteurs: Šujanová, Jana (Directeur de thèse)
Format: Manuscrit Livre
Langue:slovaque
Publié: 2016
Sujets:
Accès en ligne:http://is.stuba.sk/zp/portal_zp.pl?podrobnosti=129018
Tags: Ajouter un tag
Pas de tags, Soyez le premier à ajouter un tag!

MARC

LEADER 00000ntm a22000003a 4500
001 stuzp56681
003 SK-STU
005 20160719155050.5
007 ta
008 150427s2015----xo-----f-mn---000-0-slo-d
040 |a STU  |b slo 
041 0 |a slo 
100 1 |a Gališová, Gabriela  |u 064000  |4 aut  |U MTF Materiálovotechnologická fakulta  |T MTF Ústav priemyselného inžinierstva a manažmentu  |X 71715  |U M4000  |Y 84  |7 71715 
242 0 1 |a Proposal of the recommendations for the improvement of the motivation system and work with the social program for employees of company ESE, s.r.o.  |y eng 
245 1 0 |a Návrh opatrení na zdokonalenie systému motivácie a práce so sociálnym programom zamestnancov v ESE, s.r.o. 
260 |c 2016 
650 4 |a motivácia  |2 slo 
650 4 |a teórie motivácie  |2 slo 
650 4 |a motivačný systém  |2 slo 
650 4 |a spokojnosť v práci  |2 slo 
650 4 |a motivation  |2 eng 
650 4 |a theories of motivation  |2 eng 
650 4 |a motivation system  |2 eng 
650 4 |a job satisfaction  |2 eng 
700 1 |a Šujanová, Jana  |u 064000  |k Z1  |4 ths  |U MTF Materiálovotechnologická fakulta  |T MTF Ústav priemyselného inžinierstva a manažmentu  |X 2306  |U M4000  |Y 84  |7 A000002306 
856 4 |u http://is.stuba.sk/zp/portal_zp.pl?podrobnosti=129018 
996 |c M* BP-7765  |l MMSKP  |s P  |a 0  |w stuzp56681_0001 
SQL |a stuzp56681  |b DBP  |c SLO  |d Návrh opatrení na zdokonalenie systému motivácie a práce so sociálnym programom zamestnancov v ESE, s.r.o.  |e 71715  |f Gališová, Gabriela  |g 064000  |h 2306  |i Šujanová, Jana  |j 20160622  |k 173  |l 06  |m http://is.stuba.sk/zp/portal_zp.pl?podrobnosti=129018  |n B-PPP  |o 5.2.52. priemyselné inžinierstvo